00552nam a2200193 a 4500001001300000003000900013005001700022008004100039020001200080082001500092100002000107245006700127260004700194300000900241500003500250505003300285650002000318700002000338nice12345678IN_TiNIC20260116013920.0050524s1980 mina grp 000 0 eng  ac127.500a297.4bNIM aNimtz, August H aIslam and Politics in East Africab the Sufi Order in Tavzania aMinneapolisbUniversity of Minnesotac1980 a234p aincludes index and biblioraphy2 aSelected Bibliography, Index aSufism-Tanzania1 aNimtz, August H